Aplikacja na G - Statystyki

Ogólne statystyki
  • Ten quiz został rozwiązany 10 razy
  • Średni wynik to 2 z 7
Statystyki odpowiedzi
Hint Odpowiedź % Poprawnych
3. Gmail
56%
4. Google Maps
44%
2. Glovo
33%
1. Google Chrome
22%
5. Gadu Gadu
11%
7. Google play
11%
6. Gry Play
0%
Nie znaleziono quizów pasujących do podanych kryteriów
Rozkład punktacji
Procent ludzi z każdym wynikiem
Percentyl według liczby udzielonych odpowiedzi
Twoja historia wyników
Nie rozwiązałeś tego quizu